Los Funcionarios públicos ante el estado de las autonomías / Vicente María González-Haba Guisado
ISBN:
84-505-4129-8
Descripción Física:
190 p. ; 22 cm
MARC
| LEADER | 00000nam a2200000Ia 4500 | ||
|---|---|---|---|
| 001 | 18154 | ||
| 008 | 160829s1986 xx 000 0 cat d | ||
| 020 | |a 84-505-4129-8 | ||
| 080 | |a M-5-242 | ||
| 100 | |a González-Haba Guisado, Vicente María |9 23349 | ||
| 245 | |a Los Funcionarios públicos ante el estado de las autonomías / Vicente María González-Haba Guisado | ||
| 260 | |a Badajoz : |b Diputación Provincial de Badajoz, |c 1986 | ||
| 300 | |a 190 p. ; |c 22 cm | ||
| 650 | |a Comunitats autònomes |x Funcionaris i empleats |9 23350 | ||
| 650 | 0 | |a Funció pública |z Espanya |9 11103 | |
| 710 | |a Badajoz (Extremadura : Província). |b Diputación |9 54071 | ||
| 901 | |a Arxiu | ||
| 942 | |n 1 | ||
| 952 | |0 0 |1 0 |4 0 |6 M5242 |7 1 |9 42674 |a Arxiu |b Arxiu |d 2016-12-01 |l 0 |o M-5-242 |p 18154 |r 2016-12-01 00:00:00 |w 2016-12-01 |y ARXIU | ||
| 999 | |c 45180 |d 45180 | ||